000 00485nam a2200181Ia 4500
001 11745
005 20260306162850.0
008 260306t2022||||xx |||||||||||||| ||spa||
041 _aESP
082 _aHR 100
_bV. 31 F. 2 2022 AP
110 _aPontificia UniversitĂ  Della Santa Croce
245 0 _aActa Philosophicarivista internazionale di filosofia
260 _c2022
300 _apáginas 228-417 :
_c24 cm.
650 _aGEN
654 _aCHU
942 _cREV
_dJUS
_fJUS
_2ddc
_n
999 _c11745
_d11745